| 000 | 00700nam a2200181Ia 4500 | ||
|---|---|---|---|
| 008 | 090630s9999 xx 000 0 und d | ||
| 082 | _b14983 | ||
| 100 | _aडॉ. देशमुख व. आ. | ||
| 245 |
_aमृत विज्ञान. _cडॉ. देशमुख व. आ. |
||
| 260 |
_bमहाराष्ट्र विद्यापीठ ग्रंथनिर्मिती मंडळ - नागपूर. _c1979 |
||
| 300 | _a162 | ||
| 600 | _aडॉ. देशमुख व. आ. | ||
| 630 | _aमृत विज्ञान. | ||
| 655 | _aइतर. | ||
| 700 | _aडॉ. देशमुख व. आ. | ||
| 730 | _aमृत विज्ञान. | ||
| 942 | _cBOOK | ||
| 999 |
_c266839 _d266839 |
||